Normal view MARC view

Entry Corporate Name

Number of records used in: 1

001 - CONTROL NUMBER

  • control field: 549133

003 - CONTROL NUMBER IDENTIFIER

  • control field: OSt

005 - DATE AND TIME OF LATEST TRANSACTION

  • control field: 20220930092549.0

008 - FIXED-LENGTH DATA ELEMENTS

  • fixed length control field: 220930|| aca||aabn | a|a d

040 ## - CATALOGING SOURCE

  • Original cataloging agency: OSt
  • Transcribing agency: OSt

110 ## - HEADING--CORPORATE NAME

  • Corporate name or jurisdiction name as entry element: University of Delhi. Faculty of Medical Scicences. Department of Obstetrics and Gynaecology

670 ## - SOURCE DATA FOUND

  • Source citation: Work cat.: (OSt)883987: Sulekha Kumari 549132, Evaluation of tests of fetal well being in pregnent women with reduced fetal movements, 2015
Copyright @ Delhi University Library System